000 00735nam a2200205 i 4500
001 87646
003 ES-MaACL
005 20251003190527.0
007 t|
008 041222q1919 sp ||||1| spa d
100 1 _aKuhne, Louis.
_968992
245 1 3 _aLa nueva ciencia de curar o enseñanza de la unidad de las enfermedades y su curación sin medicamentos ni operaciones /
_cpor Louis Kuhne ; traducida por J.O. Monasterio e I. López Lapuya.
250 _a53ª ed.
260 _aBarcelona :
_b[s.n.,
_c1919?] (
_fImp. Núñez)
300 _a431 p., 1 lám. :
_bil. ;
_c22 cm.
700 1 _aMonasterio, J. O.
_982108
700 1 _aLapuya, Isidoro L.,
_d1865-1932
_970190
852 _aES-MaACL
_jB-11415
999 _c87646
_d87646